Háromszék, napról-napra
Elmentve itt :
| Szerző: | |
|---|---|
| Adatforrás: | Meister |
| Forrásdokumentuma: | Korunk. - 4 sz., 1999, 123-124 p. |
| Nyelv: | magyar |
| Kulcsszavak: | sajtótörténet sajtórecenzió sajtó Háromszék |
| LEADER | 00383nab a2200157 i 4500 | ||
|---|---|---|---|
| 001 | bibPRO00003615 | ||
| 008 | 060524s1999 xx hun | ||
| 040 | |a Sz1 | ||
| 041 | |a hun | ||
| 100 | 1 | |a K.E. | |
| 245 | 1 | 0 | |a Háromszék, napról-napra |c K.E. |
| 695 | |a sajtótörténet | ||
| 695 | |a sajtórecenzió | ||
| 695 | |a sajtó | ||
| 695 | |a Háromszék | ||
| 773 | 0 | |t Korunk. - |g 4 sz., 1999, 123-124 p. | |